000 00365nam a2200145Ia 4500
008 230917s9999||||xx |||||||||||||| ||und||
040 _e205770
_aMAIN
041 _aEnglish
082 _a658.8 C626C
100 _aClow, Kenneth E
245 0 _aCases in marketing management
260 _aNew Delhi
_bSage Publications
_c2012
300 _ax, 523 p.
942 _cBK
999 _c172840
_d172840